|
|
|
|
| LEADER |
01597nam a2200385 i 4500 |
| 001 |
39361 |
| 003 |
BD-DhAAL |
| 005 |
20220814135603.0 |
| 008 |
220814t2016 nyua b 001 0 eng d |
| 999 |
|
|
|c 44806
|d 44806
|
| 010 |
|
|
|a 2019301434
|
| 020 |
|
|
|a 9780486806990
|
| 020 |
|
|
|a 0486806995
|
| 040 |
|
|
|a DLC
|b eng
|e rda
|c DLC
|d BD-DhAAL
|
| 042 |
|
|
|a pcc
|
| 050 |
0 |
0 |
|a QA641
|b .B32 2018
|
| 082 |
0 |
0 |
|a 516.36
|2 23
|
| 100 |
1 |
|
|a Carmo, Manfredo Perdigão Do,
|e author.
|9 50854
|
| 245 |
1 |
0 |
|a Differential geometry of curves & surfaces /
|c Manfredo P. Do Carmo, Instituto Nacional de Matemática, Pura e Aplicada (IMPA), Rio de Janeiro, Brazil.
|
| 246 |
3 |
|
|a Differential geometry of curves and surfaces
|
| 250 |
|
|
|a Revised & updated second edition.
|
| 264 |
|
1 |
|a Mineola, New York :
|b Dover Publications, INC.,
|c c2016.
|
| 300 |
|
|
|a xvi, 510 pages :
|b illustrations ;
|c 23 cm.
|
| 500 |
|
|
|a Revision of: Differential geometry of curves and surfaces / Thomas Banchoff, Stephen Lovett. 2016. Second edition.
|
| 504 |
|
|
|a Includes bibliographical references (pages 475-477) and index.
|
| 526 |
|
|
|a MNS
|
| 541 |
|
|
|a Paragon Enterprises LTD
|e 39361
|
| 650 |
|
0 |
|a Geometry, Differential.
|9 50855
|
| 650 |
|
0 |
|a Curves on surfaces.
|9 50856
|
| 650 |
|
0 |
|a Curves.
|9 50857
|
| 650 |
|
0 |
|a Surfaces.
|9 50858
|
| 650 |
|
0 |
|a Mathematics.
|9 50859
|
| 852 |
|
|
|a Ayesha Abed Library
|c General Stacks
|
| 942 |
|
|
|2 ddc
|c BK
|
| 952 |
|
|
|0 0
|1 0
|2 ddc
|4 0
|6 516_360000000000000_CAR
|7 0
|9 71635
|a BRACUL
|b BRACUL
|c GEN
|d 2022-08-08
|e Paragon Enterprises LTD
|g 3115.00
|l 0
|o 516.36 CAR
|p 3010039361
|r 2022-08-08
|t 1
|v 3115.00
|w 2022-08-08
|y BK
|